BIBLIOTHÈQUE DE LA MAISON DU MEXIQUE

Logo 1 Logo 2

El teatro en México durante el Segundo Imperio (notice nᵒ 11072)

détails MARC
000 -Sello discográfico
campo de control de longitud fija 01057nam a2200301 4500
005 - Identificación de versión
campo de control 20251016082147.0
035 ## - Otros números de control del sistema
Número de control del sistema 5424
099 ## - fechas locales
Tipo de ítem Koha LIBRO
100 ## - Datos de procesamiento general
Datos de procesamiento general 20040308d1959 m y1spay5003 ba
105 ## - Campo de datos codificados: Material textual, monográfico
Datos codificados de monografía y 001zy
200 1# - Título y mención de responsabilidad
Título propio El teatro en México durante el Segundo Imperio
Designación general del material texto impreso
Otra información del título 1862-1867
Primer mención de responsabilidad Luis Reyes de la Maza
205 ## - Declaración de edición
Declaración de edición 1a ed
210 ## - Publicación, distribución, etc.
Lugar de publicación, distribución, etc. México
Nombre del editor, distribuidor, etc. Universidad Nacional Autónoma de México, Instituto de Investigaciones Estéticas
Fecha de publicación, distribución, etc. 1959
215 ## - Descripción física
Designación de material específico y extensión del ítem 238 p
Otras características físicas fot.
Dimensiones 35 cm
300 ## - Notas generales
Texto de la nota Incluye lista alfabético de obras representadas en México en los años de 1862 a 1867 e índice alfabético de nombres
345 ## - Nota de información de adquisición
Fuente de adquisición/dirección de la suscripción [OBSOLETO] Donación
410 #1 - Series
Título Estudios y Fuentes del Arte en México
Número de volumen 10
606 ## - Término temático usado como materia
Elemento de entrada Teatro
Subdivisión geográfica México
Subdivisión temática Historia
Número Koha 1119
660 ## - Código de área geográfica
Código MX
700 ## - Nombre personal - Responsabilidad primaria
Elemento de entrada Reyes de la Maza
Parte del nombre distinta del elemento de entrada Luis
Fechas 1932-2014
Número Koha 1120
801 #0 - Fuente de origen
Agencia cm
900 ## -
-- 1/6944
900 ## -
-- 7100418708\080304
942 ## - ELEMENTOS DE ENTRADA SECUNDARIOS (KOHA)
Tipo de ítem Koha Livre
996 ## -
-- MEX
-- 751145101
-- MMAG
-- 003294
-- 709.72 E82 V.10
-- 20201023LIV
Exemplaires
Estatus retirado Estado de daño Estado de pérdida Fecha de adquisición Biblioteca de origen Biblioteca actual Ubicación en estantería Código de barras Precio de reemplazo Signatura topográfica completa No para préstamo Tipo de ítem Koha Nota pública Nota no pública
      05/08/2025 Casa México Paris Casa México Paris   003294 05/08/2025 709.72 E82 V.10   Livre 20201023LIV 751145101